[Event "General Pico 113 Anniv sf U1700/2300"]
[Site "General Pico"]
[Date "2018.11.02"]
[Round "1.7"]
[White "Sarquis, Maria Belen"]
[Black "Bos, Diego"]
[Result "1-0"]
[WhiteElo "2152"]
[BlackElo "1403"]
[PlyCount "51"]
[EventDate "2018.11.02"]
[EventType "swiss"]
[EventRounds "6"]
[EventCountry "ARG"]
[SourceTitle "EXT 2024"]
[Source "ChessBase"]
[SourceDate "2023.10.10"]
[SourceVersion "1"]
[SourceVersionDate "2023.10.10"]
[SourceQuality "1"]

1. e4 g6 2. d4 Bg7 3. Nc3 d6 4. f4 e6 5. Nf3 Ne7 6. Bd3 Nbc6 7. Be3 a6 8. 0-0 b5 9. a4 b4 10. Ne2 Rb8 11. Qe1 d5 12. e5 Nf5 13. Bf2 h5 14. a5 Nce7 15. Nc1 Bf8 16. Nb3 Ng8 17. Qe2 Ra8 18. Nc5 Bxc5 19. dxc5 d4 20. Be4 Ra7 21. Rfd1 Nge7 22. Nxd4 Nxd4 23. Bxd4 Nd5 24. c6 Ra8 25. Qf2 0-0 26. Bc5 1-0